000 00541nam a2200181 i 4500
001 45040
003 ES-MaACL
005 20251114150612.0
007 t|
008 030325s1970 sp ||||1| spa d
100 1 _aClavel, Bernard.
_939112
245 1 3 _aEl hércules en la plaza /
_cBernard Clavel ; [traducción Miguel Giménez Sales].
260 _aBarcelona :
_bEdisven,
_c1970.
300 _a314 p. ;
_c21 cm.
700 1 _aGiménez Sales, Miguel,
_d1922-
_957067
852 _aES-MaACL
_jC-39787
_bR.76074
999 _c45040
_d45040